<?xml version="1.0" encoding="UTF-8"?>
<record
    xmlns:xsi="http://www.w3.org/2001/XMLSchema-instance"
    xsi:schemaLocation="http://www.loc.gov/MARC21/slim http://www.loc.gov/standards/marcxml/schema/MARC21slim.xsd"
    xmlns="http://www.loc.gov/MARC21/slim">

  <leader>03045cam a22004454i 4500</leader>
  <controlfield tag="003">PE-LiUPU</controlfield>
  <controlfield tag="005">20250731165408.0</controlfield>
  <controlfield tag="008">151015s2014    pe a   grm    000 0 spa d</controlfield>
  <datafield tag="035" ind1=" " ind2=" ">
    <subfield code="a">(Sirsi) a154889</subfield>
  </datafield>
  <datafield tag="040" ind1=" " ind2=" ">
    <subfield code="a">PE-LiUPU</subfield>
    <subfield code="b">spa</subfield>
    <subfield code="c">PE-LiUPU</subfield>
    <subfield code="e">rda</subfield>
  </datafield>
  <datafield tag="099" ind1=" " ind2=" ">
    <subfield code="a">TE 3</subfield>
    <subfield code="b">M29 2014</subfield>
  </datafield>
  <datafield tag="100" ind1="1" ind2=" ">
    <subfield code="a">Ma&#xFA;rtua Timote, Cora Marisol</subfield>
    <subfield code="e">autor</subfield>
  </datafield>
  <datafield tag="245" ind1="1" ind2=" ">
    <subfield code="a">Compresi&#xF3;n lectora y el an&#xE1;lisis para la resoluci&#xF3;n de problemas en el curso de fundamentos de computaci&#xF3;n - algoritmos en la Universidad Alas Peruanas 2014   /</subfield>
    <subfield code="c">Cora Marisol Ma&#xFA;rtua Timote.</subfield>
  </datafield>
  <datafield tag="264" ind1=" " ind2="0">
    <subfield code="a">c2014.</subfield>
  </datafield>
  <datafield tag="300" ind1=" " ind2=" ">
    <subfield code="a">98 hojas : </subfield>
    <subfield code="b">ilustraciones;</subfield>
    <subfield code="c">30 cm</subfield>
  </datafield>
  <datafield tag="336" ind1=" " ind2=" ">
    <subfield code="a">text</subfield>
    <subfield code="2">rdacontent</subfield>
  </datafield>
  <datafield tag="337" ind1=" " ind2=" ">
    <subfield code="a">unmediated</subfield>
    <subfield code="2">rdamedia</subfield>
  </datafield>
  <datafield tag="338" ind1=" " ind2=" ">
    <subfield code="a">volume</subfield>
    <subfield code="2">rdacarrier</subfield>
  </datafield>
  <datafield tag="502" ind1=" " ind2=" ">
    <subfield code="a">Tesis</subfield>
    <subfield code="b">(Mg.) -- </subfield>
    <subfield code="c">Universidad Peruana Uni&#xF3;n,</subfield>
    <subfield code="d">2014.</subfield>
  </datafield>
  <datafield tag="504" ind1=" " ind2=" ">
    <subfield code="a">Incluye referencias</subfield>
  </datafield>
  <datafield tag="520" ind1="3" ind2=" ">
    <subfield code="a">La presente investigaci&#xF3;n tuvo por objetivo el estudio de la relaci&#xF3;n entre la comprensi&#xF3;n lectora y el an&#xE1;lisis para la resoluci&#xF3;n de problemas en el curso de fundamentos de computaci&#xF3;n - algoritmos en la Universidad Alas Peruanas, Lima. Aplicando los modelos de correlaci&#xF3;n se ha medido la fuerza de asociaci&#xF3;n de la comprensi&#xF3;n lectora y el an&#xE1;lisis en la resoluci&#xF3;n de los problemas en tres fases seg&#xFA;n Joyanes: a) An&#xE1;lisis de la lectura previa, es decir, significado de las palabras, sentido de las oraciones, idea general de los requerimientos y claridad  del problema; an&#xE1;lisis de la segunda lectura, es decir, identificaci&#xF3;n de las salidas y el orden en la presentaci&#xF3;n de las salidas; c)an&#xE1;lisis en la revisi&#xF3;n de documentos, es decir, revisi&#xF3;n de literatura en la biblioteca, facilidad de entender informaci&#xF3;n en internet y consulta a expertos. Para la comprensi&#xF3;n lectora se identificaron igualmente tres procesos importantes: a) comprensi&#xF3;n lectora en el hogar, seg&#xFA;n SIG, fonema, fon&#xE9;tica, fluidez, vocabulario y comprensi&#xF3;n; b) comprensi&#xF3;n lectora escolar, seg&#xFA;n el dise&#xF1;o curricular 2008-2012 del MINEDU, interacci&#xF3;n, integraci&#xF3;n, participaci&#xF3;n, construcci&#xF3;n y producci&#xF3;n de textos, di&#xE1;logo, argumentaci&#xF3;n, debate, ortograf&#xED;a y gram&#xE1;tica; c) comprensi&#xF3;n lectora universitaria, de acuerdo a los s&#xED;labos de Castellano I y Castellano II de la Universidad Alas Peruanas; t&#xE9;cnicas y estrategias de lectura, procesos de comunicaci&#xF3;n, ortograf&#xED;a y tildaci&#xF3;n, sin&#xF3;nimos, ant&#xF3;nimos, redacci&#xF3;n, m&#xE9;todo de investigaci&#xF3;n, estructura de un texto y organizaci&#xF3;n de la informaci&#xF3;n.</subfield>
  </datafield>
  <datafield tag="526" ind1=" " ind2=" ">
    <subfield code="a">SEG44</subfield>
  </datafield>
  <datafield tag="526" ind1=" " ind2=" ">
    <subfield code="a">SEG26</subfield>
  </datafield>
  <datafield tag="526" ind1=" " ind2=" ">
    <subfield code="a">P151</subfield>
  </datafield>
  <datafield tag="526" ind1=" " ind2=" ">
    <subfield code="a">P150</subfield>
  </datafield>
  <datafield tag="526" ind1=" " ind2=" ">
    <subfield code="a">P149</subfield>
  </datafield>
  <datafield tag="526" ind1=" " ind2=" ">
    <subfield code="a">P146</subfield>
  </datafield>
  <datafield tag="526" ind1=" " ind2=" ">
    <subfield code="a">P145</subfield>
  </datafield>
  <datafield tag="526" ind1=" " ind2=" ">
    <subfield code="a">P126</subfield>
  </datafield>
  <datafield tag="526" ind1=" " ind2=" ">
    <subfield code="a">P125</subfield>
  </datafield>
  <datafield tag="526" ind1=" " ind2=" ">
    <subfield code="a">P92</subfield>
  </datafield>
  <datafield tag="526" ind1=" " ind2=" ">
    <subfield code="a">P75</subfield>
  </datafield>
  <datafield tag="526" ind1=" " ind2=" ">
    <subfield code="a">P74</subfield>
  </datafield>
  <datafield tag="526" ind1=" " ind2=" ">
    <subfield code="a">P27</subfield>
  </datafield>
  <datafield tag="526" ind1=" " ind2=" ">
    <subfield code="a">P15</subfield>
  </datafield>
  <datafield tag="650" ind1="0" ind2="4">
    <subfield code="a">Universidad Alas Peruanas</subfield>
    <subfield code="x">Comprensi&#xF3;n lectora</subfield>
    <subfield code="x">Resoluci&#xF3;n de problemas</subfield>
  </datafield>
  <datafield tag="596" ind1=" " ind2=" ">
    <subfield code="a">1</subfield>
  </datafield>
  <datafield tag="942" ind1=" " ind2=" ">
    <subfield code="2">ddc</subfield>
    <subfield code="c">TESIS</subfield>
  </datafield>
  <datafield tag="999" ind1=" " ind2=" ">
    <subfield code="a">TE 3 M29 2014</subfield>
    <subfield code="w">ALPHANUM</subfield>
    <subfield code="c">7582</subfield>
    <subfield code="i">T01778</subfield>
    <subfield code="l">CCODEBUL3</subfield>
    <subfield code="m">BUL</subfield>
    <subfield code="r">1</subfield>
    <subfield code="s">Y</subfield>
    <subfield code="t">TESIS</subfield>
    <subfield code="u">2015-10-15</subfield>
    <subfield code="x">POSGRADO</subfield>
    <subfield code="z">MAEDUC</subfield>
    <subfield code="d">7582</subfield>
  </datafield>
  <datafield tag="980" ind1=" " ind2=" ">
    <subfield code="8">1</subfield>
    <subfield code="g">ALBERTO SANCHEZ Responsable de Automatizaci&#xF3;n</subfield>
  </datafield>
  <datafield tag="952" ind1=" " ind2=" ">
    <subfield code="r">2022-07-06 00:00:00</subfield>
    <subfield code="l">0</subfield>
    <subfield code="o">TE 3 M29 2014</subfield>
    <subfield code="p">T01778</subfield>
    <subfield code="t">e1</subfield>
    <subfield code="w">2015-10-15</subfield>
    <subfield code="y">TESIS</subfield>
    <subfield code="z">Este &#xCD;tem NO se presta por ser Ejemplar #1.</subfield>
    <subfield code="1">0</subfield>
    <subfield code="2">ddc</subfield>
    <subfield code="7">1</subfield>
    <subfield code="8">TESIS</subfield>
    <subfield code="a">BUL</subfield>
    <subfield code="b">BUL</subfield>
    <subfield code="c">TESIS</subfield>
    <subfield code="d">2015-10-15</subfield>
  </datafield>
</record>
